| 000 | 00599nam a2200205 4500 | ||
|---|---|---|---|
| 003 | OSt | ||
| 005 | 20240729002928.0 | ||
| 006 | a | ||
| 008 | 240729b |||||||| |||| 00| 0 eng d | ||
| 020 | _a0763720569 | ||
| 040 |
_aDWCL-HMN lib. _cOC |
||
| 082 | _aCirc. 616.99424 P252o 2003 | ||
| 100 | _aParles, Karen | ||
| 245 | _a100 questions & answers about lung cancer / | ||
| 260 |
_aSudbury, Mass. : _bJones and Bartlett Pub. , _cc2003. |
||
| 300 |
_axii, _b212 p. : ill. ; _c23 cm. |
||
| 504 | _aIncludes index. | ||
| 650 | _a1. Lungs-Cancer-Popular works. | ||
| 942 |
_2ddc _n0 _cBK-CIRC _kCirc. |
||
| 999 |
_c2869 _d2869 |
||